000 01261cam a2200205 4500
001 6766
020 _a9780753513545 (pbk.)
100 1 _aFarndon, John
245 1 0 _aIndia booms :
_bthe breathtaking development and influence of modern India /
_cJohn Farndon
260 _aLondon :
_bVirgin,
_c2008
300 _a262 p. :
_bill., maps ;
_c20 cm
500 _aOriginally published: 2007
504 _aIncludes bibliographical references and index
505 _aCONTENTS: India's Booming Economy -- The Government of India -- Religious India -- India and Pakistan -- India and the USA -- Village India -- Metro India -- Young India -- Cutting-edge India -- India Faces the Future.
_g
_r
_t
520 _a"India Booms gives a fascinating insight into the country's politics, economy, social organisation, culture and relationships with other nations. The perfect companion to your travel guide, this detailed analysis of the country as it is today shows how it will develop in the future, and the dramatic effect it will have on the rest of the world."--BOOK JACKET.
651 0 _aIndia
_xEconomic conditions
_y1947-
651 0 _aIndia
_xPolitics and government
_y1977-
651 0 _aIndia
_xSocial conditions
_y1947-
999 _c5706
_d5706